Estatuto jurd̕ico de los servicios esenciales econm̤icos en red

Bibliographic Details
Main Author: Fernǹdez Garca̕, Mara̕ Yolanda
Format: Book
Language:Spanish
Published: Madrid ; Buenos Aires : Ciudad Argentina : Instituto Nacional de Administracin̤ Pb︢lica (INAP), 2003
Subjects:
Online Access:Acceso restringido

MARC

LEADER 00000nam a2200000 a 4500
005 20120124135318.0
007 cr|||| ||||
008 040520s2003 sp |||||| 000 ||spa|c
020 |a 8470880721 (INAP) 
020 |a 9875072354 (Ed. Ciudad Argentina (Buenos Aires)) 
020 |a 8495823195 (Ed. Ciudad Argentina (Madrid)) 
035 |a 6085 
040 |d vLex 
090 |c 2943  |d 2943 
100 1 |a Fernǹdez Garca̕, Mara̕ Yolanda 
245 1 0 |a Estatuto jurd̕ico de los servicios esenciales econm̤icos en red  |h [Recurso electrn̤ico] /  |c M® Yolanda Fernǹdez Garca̕ ; prl̤ogo de Jos ̌Luis Martn̕ez Lp̤ez-Muįz 
256 |a Servicio en ln̕ea 
260 |a Madrid ;  |a Buenos Aires :  |b Ciudad Argentina :  |b Instituto Nacional de Administracin̤ Pb︢lica (INAP),  |c 2003 
300 |a 1 recurso electrn̤ico 
500 |a Estudio sobre el rǧimen jurd̕ico de los servicios esenciales de carc̀ter econm̤ico que se prestan en red, como son: las telecomunicaciones, los transportes, los servicios postales y los servicios energťicos. El concepto orgǹico de servicio pb︢lico es, en una economa̕ de libre competencia, secundario frente al concepto finalista de servicio esencial. Hoy el debate se centra en hallar los mecanismos reguladores del equilibrio entre libre competencia y garanta̕ en la prestacin̤ de estos servicios. Para conseguirlo, la regulacin̤ jurd̕ica comunitaria ha tomado como eje central la nocin̤ de servicio de interš econm̤ico general. En la l︢tima parte se estudian los principios que han de informar el rǧimen jurd̕ico de estos servicios y las obligaciones generales de servicio esencial establecidas por el derecho espaǫl vigente. 
506 1 |a Contenido solo disponible en los productos indicados  |d vLex Global   |d vLex Global (Academic Edition, excluding Law Schools)   |d vLex Global (U.S. Academic Edition, Law Schools)   |d vLex Global (U.S. Academic Edition, excluding Law Schools)   |d vLex Global (Academic Edition, Law Schools)  
650 0 4 |a Servicios pb︢licos  |x Administracin̤ 
650 0 4 |a Servicios pb︢licos  |x Derecho y legislacin̤ 
740 0 |a vLex Libros (Servicio en ln̕ea) 
856 4 0 |u http://vlex.com/source/estatuto-jurdico-servicios-esenciales-economicos-red-6085  |z Acceso restringido 
942 |c BOOK 
999 0 |a Public utilities 
999 0 |a Administrative law